000 00416nam a2200157 4500
001 111761
003 ES-MaACL
005 20230906185346.0
007 t|
008 061121s1924 ag r ||||1| spa d
100 1 _aOribe, Emilio.
_987252
245 1 0 _aTeorĂ­a del nous /
_cEmilio Oribe.
260 _aBuenos Aires :
_b[s.n.],
_c1924 (
_fImp. Uruguaya)
300 _a297 p. ;
_c20 cm.
852 _aES-MaACL
_jA-3686
999 _c111761
_d111761